[Event "Let's Go Dutch 2"]
[Site "SchemingMind.com"]
[Date "2007.01.16"]
[Round "-"]
[White "mart_r3000"]
[Black "knightrider"]
[Result "0-1"]
[WhiteCountry "ENG"]
[BlackCountry "USA"]
[WhiteElo "1286"]
[WhiteRD "52"]
[BlackElo "1481"]
[BlackRD "59"]
[GameID "87286"]

1. d4 f5 2. c4 d6 3. d5 e6 4. Nc3 e5 5. e4 f4 6. Nf3 Be7 7. Nxe5 dxe5 8. Be2 Nf6 9. O-O O-O 10. g3 fxg3
11. fxg3 Bh3 12. Rf3 Ng4 13. Rxf8+ Qxf8 14. Bxg4 Bc5+ 15. Kh1 Bxg4 16. Ne2 Qf3#
0-1

[Event "Let's Go Dutch 2"]
[Site "SchemingMind.com"]
[Date "2007.01.16"]
[Round "-"]
[White "nwhitelaw"]
[Black "knightrider"]
[Result "1-0"]
[WhiteCountry "GBR"]
[BlackCountry "USA"]
[WhiteElo "1339"]
[WhiteRD "62"]
[BlackElo "1502"]
[BlackRD "61"]
[GameID "87287"]

1. d4 f5 2. e3 Nf6 3. Bd3 d6 4. Nh3 g6 5. O-O a6 6. b3 Nc6 7. Ng5 Bh6 8. e4 Nxd4 9. Bc4 d5 10. exd5 b5
11. Qxd4 bxc4 12. Ne6 Bxe6 13. Bxh6 Bxd5 14. Bg7 Rg8 15. Bxf6 exf6 16. Re1+ Kf7 17. bxc4 Be6 18. Qc5 Re8 19. Nc3 f4 20. Nd5 Bxd5
21. cxd5 Rb8 22. Rxe8 Qxe8 23. Qxc7+ Kf8 24. d6 Rc8 25. Qxh7 Rd8 26. Qh6+ Kg8 27. Qxf4 Kg7 28. h4 Qc6 29. Qg3 Rxd6 30. h5 f5
31. hxg6 Rd4 32. Rb1 Qxc2 33. Qe5+ Kh6 34. Qe3+ Kxg6 35. Rb6+ Kh5 36. Qh6+ Kg4 37. Rg6#
1-0

[Event "Let's Go Dutch 2"]
[Site "SchemingMind.com"]
[Date "2007.01.16"]
[Round "-"]
[White "HURRICANEWARNING"]
[Black "knightrider"]
[Result "0-1"]
[WhiteCountry "USA"]
[BlackCountry "USA"]
[WhiteElo "1181"]
[WhiteRD "69"]
[BlackElo "1465"]
[BlackRD "59"]
[GameID "87288"]

1. d4 f5 2. f4 Nf6 3. Nc3 d5 4. h3 e6 5. Nf3 Bd6 6. e3 a6 7. Nh4 Ne4 8. Qh5+ Kd7 9. Nxe4 dxe4 10. d5 g6
11. dxe6+ Kxe6 12. g4 gxh5 13. gxf5+ Kd7 14. Ng2 b5 15. Bd2 Nc6
0-1

[Event "Let's Go Dutch 2"]
[Site "SchemingMind.com"]
[Date "2007.01.17"]
[Round "-"]
[White "lame wolf"]
[Black "jtrochez1"]
[Result "0-1"]
[WhiteCountry "INT"]
[BlackCountry "HON"]
[WhiteElo "946"]
[WhiteRD "84"]
[BlackElo "1529"]
[BlackRD "47"]
[GameID "87562"]

1. d4 f5 2. c4 e6 3. e3 Nf6 4. g3 Be7 5. Bg2 c6 6. Nc3 O-O 7. d5 Bb4 8. Bd2 cxd5 9. cxd5 exd5 10. Nge2 Bxc3
0-1

[Event "Let's Go Dutch 2"]
[Site "SchemingMind.com"]
[Date "2007.01.17"]
[Round "-"]
[White "lame wolf"]
[Black "mart_r3000"]
[Result "0-1"]
[WhiteCountry "INT"]
[BlackCountry "ENG"]
[WhiteElo "946"]
[WhiteRD "84"]
[BlackElo "1286"]
[BlackRD "52"]
[GameID "87566"]

1. d4 f5 2. c4 Nf6 3. e3 d5 4. cxd5 Nxd5 5. Nc3 e6 6. Bd2 Bd6 7. Nf3 O-O 8. Nxd5 exd5 9. Bc3 Re8 10. Bd2 f4
11. Bd3 Nc6 12. Qc2 g6
0-1

[Event "Let's Go Dutch 2"]
[Site "SchemingMind.com"]
[Date "2007.01.17"]
[Round "-"]
[White "mart_r3000"]
[Black "lame wolf"]
[Result "1-0"]
[WhiteCountry "ENG"]
[BlackCountry "INT"]
[WhiteElo "1286"]
[WhiteRD "52"]
[BlackElo "946"]
[BlackRD "84"]
[GameID "87573"]

1. d4 f5 2. f4 e6 3. d5 d6 4. Nc3 Nf6 5. e3 Qe7 6. Bb5+ Bd7 7. Nf3 Nxd5 8. Qd3 Nxc3 9. bxc3 h6 10. O-O Bxb5
11. Qxb5+ Nc6 12. Qxb7
1-0